LEADER 00955nam a22002531i 4500 001 991000348869707536 005 20031210160412.0 008 040204s1990 it a||||||||||||||||ita 035 $ab12603223-39ule_inst 035 $aARCHE-061043$9ExL 040 $aDip. SSC$bita$cA.t.i. Arché s.c.r.l. Pandora Sicilia s.r.l. 082 04$a853.914 100 1 $aPitzorno, Bianca$0481788 245 10$aParlare a vanvera /$cBianca Pitzorno ; illustrazioni di Emanuela Bussolati 260 $aMilano :$bMondadori,$c1990 300 $a117 p. :$bill. ;$c20 cm 440 0$aJunior Mondadori / collana diretta da Francesca Lazzarato 700 1 $aBussolati, Emanuela 907 $a.b12603223$b02-04-14$c12-02-04 912 $a991000348869707536 945 $aLE021 DI1D47$g1$iLE021-6668$lle021$o-$pE0.00$q-$rl$s- $t0$u0$v0$w0$x0$y.i13084483$z12-02-04 996 $aParlare a vanvera$9277511 997 $aUNISALENTO 998 $ale021$b12-02-04$cm$da $e-$fita$git $h0$i1 LEADER 01679nam0 22003973i 450 001 PUV0598796 005 20231121125617.0 100 $a20150714d1943 ||||0itac50 ba 101 | $aita$agrc 102 $ait 181 1$6z01$ai $bxxxe 182 1$6z01$an 200 1 $aAntehomerica$eArpage Elenes$fColluto$gtesto con commento filologico di Attilio De Lorenzi 210 $aNapoli$cTip. pontificia degli Artigianelli$d1943 215 $a104 p.$d20 cm 300 $aTesto greco a fronte. 500 10$aRaptio Helenae$3PUV0601683$9TO0V262484$916177 606 $aColluto : di Licopoli . Il *ratto di Elena$xEdizioni critiche$2FIR$3RMLC429512$9E 676 $a883.02$9Poesia epica e narrativa greca classica. Periodo medievale e bizantino, 500 ca.-1599$v22 700 0$aColluthus$3TO0V262484$4070$0161851 702 1$aDe Lorenzi$b, Attilio$3RAVV065873 790 0$aColluto$3CFIV210079$zColluthus 790 0$aCollouthos$3MILV102228$zColluthus 790 0$aColuto$3PALV028750$zColluthus 790 0$aColuto : Tebano$3RAVV093615$zColluthus 790 0$aColuthus : Lycopolita Thebanus$3SBNV009547$zColluthus 790 0$aColluthus : Lycopolitanus$3SBNV068811$zColluthus 801 3$aIT$bIT-01$c20150714 850 $aIT-RM0418 $aIT-FR0017 899 $aBIBLIOTECA ACCADEMIA NAZ. DEI LINCEI E CORSINIANA$bRM0418 899 $aBiblioteca umanistica Giorgio Aprea$bFR0017 $eN 912 $aPUV0598796 950 0$aBiblioteca umanistica Giorgio Aprea$d 52DFA E 4$e 52FLS0000321535 VMB RS $fC $h20150929$i20150929 977 $a 10$a 52 996 $aRaptio Helenae$916177 997 $aUNICAS